Welcome to CU Library Online Public Access Catalogue (OPAC)

The realities of work / (Record no. 5187)

MARC details
000 -LEADER
fixed length control field 00971cam a2200277 a 4500
001 - CONTROL NUMBER
control field 12777531
005 - DATE AND TIME OF LATEST TRANSACTION
control field 20250325125619.0
008 - FIXED-LENGTH DATA ELEMENTS--GENERAL INFORMATION
fixed length control field 020516s2002 enka b 001 0 eng
020 ## - INTERNATIONAL STANDARD BOOK NUMBER
International Standard Book Number 0333984587 (cloth)
020 ## - INTERNATIONAL STANDARD BOOK NUMBER
International Standard Book Number 0333984595 (pbk.)
050 00 - LIBRARY OF CONGRESS CALL NUMBER
Classification number HD4901
Item number .N656 2002
082 00 - DEWEY DECIMAL CLASSIFICATION NUMBER
Classification number 306.3/6
Edition information 21
100 1# - MAIN ENTRY--PERSONAL NAME
Personal name Noon, Mike.
245 14 - TITLE STATEMENT
Title The realities of work /
Statement of responsibility, etc. Mike Noon and Paul Blyton.
250 ## - EDITION STATEMENT
Edition statement 2nd ed.
260 ## - PUBLICATION, DISTRIBUTION, ETC.
Place of publication, distribution, etc. Houndmills, Basingstoke, Hampshire
-- New York :
Name of publisher, distributor, etc. Palgrave,
Date of publication, distribution, etc. 2002.
300 ## - PHYSICAL DESCRIPTION
Extent xii, 372 p. :
Other physical details ill. ;
Dimensions 25 cm.
650 #0 - SUBJECT ADDED ENTRY--TOPICAL TERM
Topical term or geographic name entry element Work.
650 #0 - SUBJECT ADDED ENTRY--TOPICAL TERM
Topical term or geographic name entry element Labor.
650 #0 - SUBJECT ADDED ENTRY--TOPICAL TERM
Topical term or geographic name entry element Employees
General subdivision Attitudes.
700 1# - ADDED ENTRY--PERSONAL NAME
Personal name Blyton, Paul.
856 42 - ELECTRONIC LOCATION AND ACCESS
Materials specified Contributor biographical information
Uniform Resource Identifier <a href="http://www.loc.gov/catdir/bios/hol051/2002190373.html">http://www.loc.gov/catdir/bios/hol051/2002190373.html</a>
856 41 - ELECTRONIC LOCATION AND ACCESS
Materials specified Table of contents
Uniform Resource Identifier <a href="http://www.loc.gov/catdir/toc/hol031/2002190373.html">http://www.loc.gov/catdir/toc/hol031/2002190373.html</a>
856 42 - ELECTRONIC LOCATION AND ACCESS
Materials specified Publisher description
Uniform Resource Identifier <a href="http://www.loc.gov/catdir/description/hol031/2002190373.html">http://www.loc.gov/catdir/description/hol031/2002190373.html</a>
942 ## - ADDED ENTRY ELEMENTS (KOHA)
Source of classification or shelving scheme Library of Congress Classification
Koha item type Books
Suppress in OPAC No
999 ## -
-- 5187
-- 5187
Holdings
Withdrawn status Lost status Source of classification or shelving scheme Damaged status Not for loan Collection Home library Current library Shelving location Date acquired Total checkouts Full call number Barcode Date last seen Copy number Price effective from Koha item type
    Library of Congress Classification     Non-fiction Undergraduate Library (Christ Temple) Undergraduate Library (Christ Temple) General stacks 03/25/2025   HD4904 NOO ulct00001950 03/25/2025 1 03/25/2025 Books
© 2023-2024 Copyright: Central University Libraries. All Rights Reserved | Created by: Mahone Tech Office